书目信息 |
| 题名: |
化出你的风情
|
|
| 作者: | 杨东雄 编著 | |
| 分册: | ||
| 出版信息: | 北京 中国商业出版社 2006 |
|
| 页数: | 276页 | |
| 开本: | 19cm | |
| 丛书名: | 都市女性生活扮酷实用丛书 | |
| 单 册: | ||
| 中图分类: | TS974.1 | |
| 科图分类: | ||
| 主题词: | 理发--服务业 , 沐浴 , 沐浴--服务业 , 理发 | |
| 电子资源: | ||
| ISBN: | 7-5044-5557-1 | |
| 000 | 00711nam0 2200253 450 | |
| 001 | 0629868156 | |
| 005 | 20061121111241.68 | |
| 010 | @a7-5044-5557-1@dCNY 18.00 | |
| 100 | @a20061107d2006 km y0chiy0120 ea | |
| 101 | 0 | @achi |
| 102 | @aCN@b110000 | |
| 200 | 1 | @a化出你的风情@Ahua chu ni de feng qing@f杨东雄编著@Fyang dong xiong bian zhu |
| 210 | @a北京@c中国商业出版社@d2006 | |
| 215 | @a276页@d19cm | |
| 225 | 2 | @a都市女性生活扮酷实用丛书 |
| 410 | 0 | @12001 @a都市女性生活扮酷实用丛书 |
| 606 | 0 | @a理发@x服务业 |
| 606 | 0 | @a沐浴 |
| 606 | 0 | @a沐浴@x服务业 |
| 606 | 0 | @a理发 |
| 690 | @aTS974.1@v4 | |
| 701 | 0 | @a杨东雄@Ayang dong xiong@4编著 |
| 801 | @aCN@c20061121 | |
| 905 | @a10447@dTS974.1@eY167 | |
| 化出你的风情/杨东雄编著.-北京:中国商业出版社,2006 |
| 276页;19cm.-(都市女性生活扮酷实用丛书) |
| ISBN 7-5044-5557-1:CNY 18.00 |
| ● |
| 相关链接 |
|
|
|
正题名:化出你的风情
索取号:TS974.1/Y167
 
预约/预借
| 序号 | 登录号 | 条形码 | 馆藏地/架位号 | 状态 | 备注 |
| 1 | 612983 | 206129839 | 自科库501/501自科库 46排1列2层/ [索取号:TS974.1/Y167] | 在馆 | |
| 2 | 612984 | 206129848 | 自科库501/501自科库 46排1列2层/ [索取号:TS974.1/Y167] | 在馆 | |
| 3 | 612985 | 206129857 | 自科库501/501自科库 46排1列2层/ [索取号:TS974.1/Y167] | 在馆 |